| Tag |
First Indicator |
Second Indicator |
Subfields |
| LEADER |
00000pam a2200000 i 4500 |
| 001 |
in00000046333 |
| 005 |
20151007071321.0 |
| 008 |
780705s1979 alua b 00110 eng |
| 010 |
|
|
|a 78015341
|
| 020 |
|
|
|a 0817376100
|
| 035 |
|
|
|a (OCoLC)04076594
|
| 035 |
|
|
|9 AAE5737AM
|
| 040 |
|
|
|a DLC
|c DLC
|d TXA
|d UtOrBLW
|
| 049 |
|
|
|a TXAM
|c [981307]
|
| 050 |
0 |
0 |
|a PQ1697.L3
|b R6
|
| 082 |
0 |
|
|a 152.4
|
| 100 |
1 |
|
|a Rocher, Gregory de.
|
| 245 |
1 |
0 |
|a Rabelais's laughers and Joubert's Traite du ris /
|c Gregory de Rocher.
|
| 264 |
|
1 |
|a University :
|b University of Alabama Press,
|c [1979]
|
| 264 |
|
4 |
|c ©1979
|
| 300 |
|
|
|a 166 pages :
|b illustrations ;
|c 22 cm.
|
| 336 |
|
|
|a text
|b txt
|2 rdacontent
|
| 337 |
|
|
|a unmediated
|b n
|2 rdamedia
|
| 338 |
|
|
|a volume
|b nc
|2 rdacarrier
|
| 500 |
|
|
|a Includes index.
|
| 504 |
|
|
|a Bibliography: page [159].
|
| 600 |
1 |
0 |
|a Rabelais, François,
|d approximately 1490-1553?
|x Humor.
|
| 600 |
1 |
0 |
|a Joubert, Laurent,
|d 1529-1583.
|
| 650 |
|
0 |
|a Laughter.
|
| 650 |
|
0 |
|a Laughter in literature.
|
| 999 |
|
|
|a MARS
|
| 999 |
f |
f |
|s 9c0bc71c-e145-3c57-ad2c-73e202fd444c
|i 2918862d-3844-3de4-88fc-bfd696768864
|t 0
|
| 952 |
f |
f |
|p normal
|a Texas A&M University
|b College Station
|c Sterling C. Evans Library
|d Evans: Library Stacks
|t 0
|e PQ1697.L3 R6
|h Library of Congress classification
|i unmediated -- volume
|m A14803757823
|
| 998 |
f |
f |
|a PQ1697.L3 R6
|t 0
|l Evans: Library Stacks
|